000 00667cab a22001695a 4500
001 L144443
008 080721s2008 xxk f 000 0 eng d
035 _a(Sirsi) u144443
041 0 _aeng
245 0 0 _aProfit from the net
_bhaving a website
260 _c2008
490 _aThe Letting Update Journal
_v16(2) July 2008, 22-23(2)
520 _aDescribes some of the benefits and matters for consideration for property agents considering running a website. Includes a sample seven point specification for those intending to design a new website.
651 4 _aUnited Kingdom
_y
690 _aPROPERTY-RESIDENTIAL PROPERTY-RESIDENTIAL PROPERTY AGENCY
942 _n0
999 _c80464
_d80464